00963nam a2200229 a 450000100100000000500170001000800410002704000250006808200200009310000350011324500900014826000520023830000270029059000260031765000280034365000310037170000370040291000390043995201170047895201230059599900150071800000950420240412074211.0090930s2004 dr 000 0 spa d aDO-SdBNPbspacBNPHU aRD861.44bA658u1 aAracena Disla, Mercedes92431610aUn espacio bajo el sol /cMercedes Aracena Disla ; prefacio Carmen Marina de Jesús. aSan Francisco de Macorís :bTiempo,c[200?],. a44 p. :bil. ;c21 cm. aInventariado, 2018/LP 0aPoesía dominicana966 0aLiteratura dominicana.96712aJesús, Carmen Marina de924317 aValidado. Control de calidad BNPHU 0010718PDaPDbPDcHDd2009-09-30iLF1l0oRD861.44 A658up9504-10r2020-06-25w2020-06-25yLFPDZNo se presta 0010718PDaPDbPDcHDd2009-09-30iLF1l0oRD861.44 A658up9504-20r2020-06-25te. 2w2020-06-25yLFPDZNo se presta c9264d9264